Lataa...

Introduction to the methods of social science

Bibliografiset tiedot
Päätekijä: Loubet Del Bay Le, Jean Louis
Aineistotyyppi: Printed Book
Kieli:Undetermined
English
Julkaistu: New Delhi Sterling Publishers Pvt. Ltd 1988
Aiheet:
LEADER 00600nam a2200181Ia 4500
008 140306s9999 xx 000 0 und d
020 |a 8120708377 
041 |a eng 
082 |a 300  |b LOU/IN 
100 |a Loubet Del Bay Le, Jean Louis 
245 |a Introduction to the methods of social science 
260 |a New Delhi  |b Sterling Publishers Pvt. Ltd  |c 1988 
300 |a 264 
365 |b Rs.150 
650 |a Sociological laws 
942 |2 ddc  |c BK 
999 |c 181311  |d 181311 
952 |0 0  |1 0  |2 ddc  |4 0  |6 300_000000000000000_LOU_IN  |7 0  |9 186914  |a KAUCBV  |b KAUCBV  |d 2004-11-02  |g 150.00  |o 300 LOU/IN  |r 2014-03-22  |w 2014-03-22  |y BK